000 00635nam a22002057i 4500
003 URS
005 20230710130758.0
020 _a9718589112
040 _curs
050 1 4 _aHG 4515.3 F35 1995
100 1 _aFajardo, Max Jr. B.
245 _aSimplified mathematics of investment
_cMax B. Fajardo Jr.
264 1 _aPlace of publication not identified
_bName of publication not identified
_c1995.
300 _a332 pages;
_c22 cm.
336 _atext
_btxt
_2rdacontent
337 _aunmediated
_bn
_2rdamedia
338 _avolume
_bnc
_2rdacarrier
650 0 _aInvestments
_92913
_vMathematics
_xStudy and teaching (Higher)
942 _cF
_2lcc
999 _c3756
_d3756